000 00918nam a2200277 4500
003 OSt
005 20260601171007.0
008 260508b1995\\\\mx\a||||\||||\00|\0\spa\d
020 _a9709137026
040 _aICI
_bspa
_cICI
041 _aspa
050 0 _aF1346
_bC74
100 1 _aCremoux, Raúl,
_eautor
_932546
245 1 _aRetratos de Sonora :
_bPortraits of Sonora /
_cautor, Raúl Cremoux ; coautora editorial y diseño, Martha León ; fotografía, Jaime Navarro
246 _aPortraits of Sonora
264 _aSonora :
_bGobierno del Estado de Sonora,
_c1995
300 _a190 páginas :
_bilustraciones a color
336 _atexto
_2rdacontent
337 _asin medio
_2rdamedia
338 _avolumen
_2rdacarrier
651 _aSonora
_932547
651 _aSonora
_vObras ilustradas
_932548
700 1 _aLeon, Martha,
_eeditor
_917553
700 1 _aNavarro, Jaime,
_eilustrador
_932549
942 _2lcc
_cB
_n1
999 _c20350
_d20350